01162nab a2200229 uc450000100070000000500170000700800410002403500110006503500210007604000130009704100080011010000740011824500870019252003770027965000090065665000370066565000300070265000230073270000370075570000330079277301070082586798520240831091104.0040325e20030705 spa  a867985 a(OCoLC)820102040 ccomduadb aspa10aCardenas Salgado, Fidel Antonio4aut0(orcid)0000 0002 4051 7894eaut14aLos test de asociacion y el establecimiento de relaciones entre conceptos quimicos3 aEn una investigación realizada en la Universidad Pedagógica Nacional, en la cual participaron 23 estudiantes de primer semestre y 22 de quinto semestre, pertenecientes al programa de diseño tecnológico, se utilizaron los test de asociación para escudriñar el establecimiento de relaciones entre conceptos químicos por parte de estos dos grupos de estudiantes aTest 7aAprendizaje significativo2embne aInvestigación educativa aTest de asociacion10aRodriguez B., Catalina4auteaut10aVera J., Monica A.4auteaut0 tTecné, Episteme y DidaxisgNúmero 14, Julio-Diciembre de 2003, p. 57-72w583654x0121-38140143583